All 4-Letter Words Starting with “S” - Statistics

General Stats
  • This quiz has been taken 1,584 times
    932 since last reset
  • The average score is 182 of 373
Answer Stats
Word % Correct
sack
86%
sale
85%
same
84%
s***
82%
sane
82%
sail
81%
sing
81%
star
81%
stop
81%
safe
80%
seal
80%
seat
80%
seem
80%
sage
79%
says
79%
seed
79%
sell
79%
shop
79%
sits
79%
slap
79%
slip
79%
slop
79%
salt
78%
seen
78%
sick
78%
sore
78%
said
77%
sock
77%
sand
76%
save
76%
saws
76%
soap
76%
sole
76%
shot
75%
soul
75%
saps
74%
send
74%
sins
74%
sips
74%
slow
74%
some
74%
soup
74%
stay
74%
sags
73%
sake
73%
seep
73%
sill
73%
slot
73%
suns
73%
sang
72%
sear
72%
seer
72%
ship
72%
show
72%
shut
72%
slim
72%
slit
72%
sort
72%
spit
72%
suck
72%
scar
71%
sent
71%
sews
71%
shin
71%
sink
71%
slam
71%
song
71%
spin
71%
scan
70%
sets
70%
slay
70%
soon
70%
spat
70%
s***
69%
sate
69%
seek
69%
shat
69%
shed
69%
sure
69%
swim
69%
scat
68%
seam
68%
seas
68%
sees
68%
sham
68%
shoe
68%
sire
68%
skin
68%
skip
68%
stew
68%
scam
67%
slat
67%
span
67%
spot
67%
step
67%
side
66%
sold
66%
sons
66%
stun
66%
swat
66%
sank
65%
sexy
65%
site
65%
slug
65%
slum
65%
soot
65%
sums
65%
shun
64%
sine
64%
sirs
64%
slab
64%
sops
64%
sour
64%
sows
64%
stat
64%
sunk
64%
swam
64%
seel
63%
silk
63%
skit
63%
spar
63%
sade
62%
shag
62%
slag
62%
slaw
62%
stab
62%
sung
62%
swan
62%
soar
61%
sobs
61%
stir
61%
swap
61%
size
60%
slew
60%
sods
60%
spun
60%
stag
60%
slog
59%
snap
59%
snow
59%
soft
59%
soil
59%
stem
59%
sups
59%
sall
58%
scab
58%
sign
58%
silo
58%
silt
58%
skim
58%
skis
58%
sled
58%
stow
58%
subs
58%
shaw
57%
shes
57%
slid
57%
slob
57%
slur
57%
snot
57%
soak
57%
shay
56%
soda
56%
stud
56%
suds
56%
sway
56%
shoo
55%
snip
55%
scot
54%
sacs
53%
sans
53%
sewn
53%
skid
53%
spay
53%
swag
53%
sofa
52%
solo
52%
spas
52%
stub
52%
surf
52%
scad
51%
scum
51%
sift
51%
sims
51%
spam
51%
staw
51%
suit
51%
sabs
50%
sash
50%
sass
50%
sawn
50%
shod
50%
sump
50%
shim
49%
sloe
49%
spew
49%
saga
48%
shen
48%
sues
48%
sulk
48%
shad
47%
shew
47%
slue
47%
sone
47%
sots
47%
sped
47%
spur
47%
such
47%
sain
46%
sals
46%
scag
46%
simp
46%
snag
46%
swum
46%
sabe
45%
sago
45%
shog
45%
sigh
45%
stet
45%
stum
45%
sere
44%
serf
44%
slub
44%
snit
44%
snob
44%
snog
44%
spud
44%
swig
44%
s***
43%
skew
43%
soys
43%
stot
43%
shea
42%
sorn
42%
samp
41%
sene
41%
sigs
41%
sith
41%
skat
41%
sook
41%
sous
41%
sown
41%
swab
41%
salp
40%
scud
40%
scut
40%
sumo
40%
sari
39%
sept
39%
sued
39%
swot
39%
secs
38%
self
38%
sibs
38%
suss
38%
saki
37%
sark
37%
sike
37%
skas
37%
sols
37%
sard
36%
sect
36%
seps
36%
shah
36%
sinh
36%
soya
36%
spec
36%
scow
35%
shiv
35%
sord
35%
scup
34%
sics
34%
smog
34%
snug
34%
sola
33%
soli
33%
suet
33%
supe
33%
semi
32%
sers
32%
sesh
32%
stob
32%
swop
32%
segs
31%
shul
31%
sori
31%
suer
31%
scop
30%
skee
30%
smit
30%
smug
30%
soma
30%
soms
30%
sadi
29%
sels
29%
sked
29%
soke
29%
surd
29%
sera
28%
sett
28%
skep
28%
soba
28%
stoa
28%
sunn
28%
snub
27%
souk
27%
seta
26%
sipe
26%
skeg
26%
snaw
26%
sora
26%
spue
26%
stye
26%
sagy
25%
sati
25%
seme
25%
soth
25%
spry
25%
snib
24%
soca
24%
spae
24%
stey
24%
saul
23%
sima
23%
sorb
23%
sext
22%
sice
22%
skag
22%
sura
22%
sial
21%
skol
21%
spiv
21%
sild
20%
skua
19%
swob
19%
sevs
18%
scry
17%
soja
17%
suba
17%
sync
17%
sika
16%
soph
16%
sned
15%
sumy
15%
syne
15%
seis
14%
smew
14%
soju
13%
sumi
13%
sego
12%
sizy
12%
sudd
12%
suqs
12%
shhh
11%
sibb
10%
sohs
10%
suks
10%
syke
10%
seif
9%
shri
8%
sidh
8%
skry
7%
sulu
7%
sugh
6%
shmo
5%
shwa
5%
snye
4%
sris
4%
sukh
4%
syph
4%
syce
3%
sybo
2%
syli
2%
No matching quizzes found
Score Distribution
Percent of People with Each Score
Percentile by Number Answered
Your Score History
You have not taken this quiz since the last reset